000 00236nam a2200097Ia 4500
001 918059
005 20250826185925.0
008 250824s9999 xx 000 0 und d
245 0 _aGEÇECEK Mİ
_cGÖKHAN ÇINAR
260 _bDESTEK YAYINLARI
999 _c918059
_d918059